000
00284nam a2200109Ia 4500
008
200302s9999 xx 000 0 und d
100
_a
Caroline Astrid Bruzelius
245
_a
The 13th Century Church at St- Denis
260
_b
Yale University Press
260
_c
1985
300
_a
223 P.,
999
_c
2300
_d
2300